10 'Imp' Words Quiz Stats

 Plays Quiz Updated Jan 3, 2018

Score 0/10 Timer 03:00
2 Plays Today
Question Answer Wrong Answers
To transfix or pierce with a sharp instrument;
To skewer
Impale
94.5%
Import
0.3%
Impinge
2.3%
Impel
2.4%
Of vital importance, crucial;
An essential or urgent thing
Imperative
94.3%
Impervious
1.8%
Impatiens
0.5%
Imperial
1.9%
To beg someone earnestly
or desperately to do something
Implore
93.3%
Impinge
1.6%
Impeach
1.5%
Impel
3.5%
One that assumes false identity or title
for the purpose of deception
Imposter
92.3%
Impresario
2%
Improvisator
2.1%
Impediment
0.4%
Incapable of being injured or impaired;
not allowing entrance or passage
Impervious
88.1%
Impudent
3.8%
Important
0.2%
Impotent
5.4%
Common bacterial skin infection characterised by
pustules and honey-coloured crusted erosions
Impetigo
87.9%
Impasto
2.8%
Impervious
1.3%
Impresa
6.8%
The force or energy
with which a body moves
Impetus
85.3%
Imputation
5.7%
Imperialism
0.8%
Impediment
6.3%
A spoken curse;
The act of invoking evil upon someone
Imprecation
74.2%
Impediment
7.7%
Impatiens
3.6%
Impresario
12.4%
Having little or no money;
penniless
Impecunious
66.8%
Importunate
29.5%
Important
0.3%
Imperative
0.4%
Technique where paint is laid on a surface very thickly,
usually so that brushstrokes are visible
Impasto
40.1%
Impresa
40.7%
Impearling
15.7%
Impeachment
0.7%

You're not logged in!

Compare scores with friends on all Sporcle quizzes.
OR
Log In

You Might Also Like...

Show Comments

Extras

Top Quizzes Today


Score Distribution

Your Account Isn't Verified!

In order to create a playlist on Sporcle, you need to verify the email address you used during registration. Go to your Sporcle Settings to finish the process.

Report this User

Report this user for behavior that violates our Community Guidelines.

Details: